000 00560nam a22001817a 4500
005 20251108163347.0
008 250721s1990 xx 000 0 ara d
082 1 4 _a343.209565/نمو
100 1 _aنمور، محمد سعيد
245 1 0 _aالجرائم الواقعة على الأشخاص في قانون العقوبات الأردني /
264 1 _aعمان :
_bدار عمار،
_c1990.
300 _a332ص.
650 1 7 _aالقانون الجنائي
650 1 7 _aالعقوبات
650 1 7 _aالأردن
942 _2ddc
_cBK
999 _c717
_d717